| 000 | 01005cab a22001935a 4500 | ||
|---|---|---|---|
| 001 | L148815 | ||
| 008 | 091111e20090918xxkd f s 000 0 eng d | ||
| 035 | _a(Sirsi) u148815 | ||
| 041 | 0 | _aeng | |
| 100 | 1 | _aGlackin, Michael | |
| 245 | 0 | 0 | _aBovis Lend Lease on top form with £250m of schools work |
| 260 | _c2009 | ||
| 490 | 0 |
_aBuilding _v274 (8597) 18 September 2009, 18-19 (2) |
|
| 520 | _aPresents business barometer data on top contractors for the month of August 2009. Reports that Bovis Lend Lease is at the top of the league due to work won in the education sector. Amey is in second place, followed by Kier. Presents tables of top contractors with their number of projects and their total value in millions of pounds. Gives tables of top contractors excluding and including civils; top architects; top clients/promoters; top quantity surveyors; and tables of yearly work won. | ||
| 590 | _aKA | ||
| 651 | 4 |
_aUnited Kingdom _y |
|
| 690 | _aBUILT ENVIRONMENT-CONSTRUCTION MARKET | ||
| 942 | _n0 | ||
| 999 |
_c81966 _d81966 |
||